| 000 | 01945cam a2200433 a 4500 | ||
|---|---|---|---|
| 999 |
_c129544 _d129544 |
||
| 001 | 15752739 | ||
| 003 | ARRUPE | ||
| 005 | 20190503092845.0 | ||
| 008 | 090528s2010 enkab b 001 0 eng | ||
| 010 | _a 2009021464 | ||
| 015 |
_aGBA986421 _2bnb |
||
| 016 | 7 |
_a015361370 _2Uk |
|
| 020 | _a9780415775625 (hbk) | ||
| 020 | _a0415775620 (hbk) | ||
| 020 | _a9780415775632 (pbk) | ||
| 020 | _a0415775639 (pbk) | ||
| 020 | _a9780203869628 (ebk) | ||
| 020 | _a0203869621 (ebk) | ||
| 020 | _z9780203869621 | ||
| 035 | _a(OCoLC)ocn227918239 | ||
| 040 |
_aDLC _cDLC _dBTCTA _dBAKER _dYDXCP _dUKM _dBWKUK _dBWX _dDLC |
||
| 043 | _ad------ | ||
| 050 | 0 | 0 |
_aHQ1240.5.D44 _bM657 2010 |
| 082 | 0 | 0 |
_a306.3/615091724 _222 |
| 082 | 0 | 0 |
_a305.42091724 _222 |
| 100 | 1 |
_aMomsen, Janet Henshall. _946192 |
|
| 245 | 1 | 0 |
_aGender and development / _cJanet Momsen. |
| 250 | _a2nd ed. | ||
| 260 |
_aLondon ; _aNew York : _bRoutledge, _c2010. |
||
| 300 |
_axiv, 285 p. : _bill., maps ; _c24 cm. |
||
| 490 | 0 | _aRoutledge perspectives on development | |
| 500 | _aRev. ed. of: Gender and development. 2004. | ||
| 504 | _aIncludes bibliographical references and index. | ||
| 505 | 0 | _aIntroduction : gender is a development issue -- The sex ratio -- Reproduction -- Gender, health and violence -- Gender and environment -- Gender in rural areas -- Gender and urbanization -- Globalization and changing patterns of economic activity -- How far have we come? | |
| 650 | 0 |
_aWomen in development _zDeveloping countries. _946193 |
|
| 650 | 0 |
_aSexual division of labor _zDeveloping countries. _946194 |
|
| 650 | 0 |
_aWomen _zDeveloping countries. _946195 |
|
| 906 |
_a7 _bcbc _corignew _d1 _eecip _f20 _gy-gencatlg |
||
| 942 |
_2lcc _cMONOGRAPH |
||